000 01348nab a22002537a 4500
999 _c5595
_d5595
003 OSt
005 20251219180356.0
008 190429b xxu||||| |||| 00| 0 spa d
040 _cPJ
100 _96574
_aFrezza, Ángeles Belén
245 1 0 _aMasculinidades migrantes y trata. Víctimas invisibles frente al enfoque binario /
_cÁngeles Belén Frezza.
260 _cCiudad Autónoma de Buenos Aires :
_aThomson Reuters La Ley,
_b2025.
300 _ap. 26-34
500 _a Cita: TR LALEY AR/DOC/2850/2025 .
505 _a Sumario: I. Objetivo.— II. Introducción.— III. La víctima ideal y el enfoque jurídico de la trata.— IV. Masculinidad como obstáculo jurídico y político.— V. Trata, migración y cuerpos racializados. Entre la movilidad y el castigo.— VI. Desafíos pendientes. Hacia una justicia que no excluya.— VII. Conclusiones.
505 _tSi te interesa el texto completo, solicitalo a koha@justierradelfuego.gov.ar
650 0 _9343
_aDERECHO PENAL
650 0 _9614
_aDERECHOS HUMANOS
650 0 _92685
_aDELITOS CONTRA LA LIBERTAD
650 0 _94885
_aDERECHOS DE LA VÍCTIMA
650 0 _93056
_aTRATA DE PERSONAS
773 0 _02658
_93164
_tRevista de derecho penal y criminología. Nº 11 - Diciembre 2025
_dCiudad Autónoma de Buenos Aires : Thomson Reuters La Ley, 2017-
_x00347914
942 _2udc
_cANA